First Light - Hozier (All Lyrics) - Statistics

General Stats
  • This quiz has been taken 3 times
  • The average score is 167 of 275
Answer Stats
Lyrics % Correct
a
100%
A
100%
all
100%
bright
100%
changes
100%
mornin'
100%
mornin')
100%
One
100%
things
100%
always
67%
am
67%
and
67%
And
67%
as
67%
at
67%
away
67%
be
67%
Before
67%
begins?
67%
believe
67%
believin'
67%
blank
67%
breathin',
67%
bullet
67%
burst,
67%
But
67%
can
67%
color
67%
comes)
67%
comes),
67%
comin'
67%
corners
67%
Could
67%
creeps
67%
cup,
67%
Darkness
67%
day
67%
easy
67%
either
67%
erupts
67%
every
67%
eyes
67%
fades
67%
fillin'
67%
finds
67%
first,
67%
first
67%
goes
67%
gold
67%
how
67%
I
67%
I'm
67%
in
67%
into
67%
It
67%
life
67%
light
67%
Like
67%
like
67%
lived
67%
miles
67%
moment
67%
my
67%
open
67%
point
67%
range
67%
rust
67%
scarce
67%
set
67%
shoot
67%
silver
67%
sky
67%
so
67%
Soft
67%
sun
67%
The
67%
the
67%
this
67%
this,
67%
thousand
67%
to
67%
turnin'
67%
up
67%
wake
67%
way
67%
what
67%
whole
67%
you
67%
You
67%
your
67%
Your
67%
after
33%
again
33%
Ah,
33%
ah,
33%
ah
33%
back
33%
body
33%
callin'
33%
going
33%
gonna
33%
jumps
33%
name
33%
never
33%
out
33%
same
33%
voice
33%
eripts
0%
(Some
0%
yeah
0%
Yeah,
0%
yeah,
0%
No matching quizzes found
Score Distribution
Percent of People with Each Score
Percentile by Number Answered
Your Score History
You have not taken this quiz